Landkreise und Städte an der deutschen Küste - Statistiken

Allgemein
  • Dieses Quiz wurde 49 mal gespielt
    25 seit der letzten Aktualisierung
  • Das Durchschnittsergebnis liegt bei 22 aus 26
Antwortstatistiken
Meer Landkreis/Stadt % Korrekt
Nordsee Aurich
95%
Ostsee Kiel
95%
Ostsee Lübeck
95%
Nordsee Wilhelmshaven
95%
Nordsee Bremerhaven
90%
Nordsee Cuxhaven
90%
Ostsee Flensburg
90%
Ostsee Landkreis Rostock
90%
Ostsee Rostock
90%
Ostsee Vorpommern-Greifswald
90%
Nordsee Emden
86%
Nordsee Friesland
86%
Ostsee Rendsburg-Eckernförde
86%
Nordsee Bremen
81%
Nordsee Nordfriesland
81%
Ostsee Ostholstein
81%
Ostsee Vorpommern-Rügen
81%
Nordsee Wittmund
81%
Nordsee Dithmarschen
76%
Nordsee Hamburg
76%
Nordsee Leer
76%
Ostsee Plön
76%
Ostsee Nordwestmecklenburg
71%
Nordsee Pinneberg
71%
Ostsee Schleswig-Flensburg
71%
Nordsee Wesermarsch
71%
Keine übereinstimmenden Quizze gefunden
Verteilung der Resultate
Anzahl Personen mit jedem Resultat
Perzentil nach korrekt beantworteten Fragen
Ihre Resultats-Entwicklung
Sie haben dieses Quiz seit der letzten Aktualisierung nicht gespielt